| 000 | 02044nam0a2200469 4500 | ||
|---|---|---|---|
| 001 | RU\NLR\BIBL_A\022608597 | ||
| 005 | 20260420052500.0 | ||
| 010 |
_a978-5-907982-13-0 _91000 |
||
| 021 |
_aRU _bКН-П-25-037066 _9КН-П-25-3636 |
||
| 035 | _a(NLR Aleph) 022608597 | ||
| 090 |
_a13682682 _c13682682 |
||
| 100 | _a20250825d2025 c y0rusy50 ca | ||
| 101 | 0 | _arus | |
| 102 | _aRU | ||
| 105 | _aa z 000ay | ||
| 181 | 0 |
_ab2 _bxb2e |
|
| 181 | 0 |
_ai2 _baxxe |
|
| 182 | 0 | _an | |
| 200 | 1 |
_aКот в сапогах и маркиз де Карабас _eпо мотивам сказок Ш. Перро и братьев Гримм _e[для детей дошкольного и младшего школьного возраста] _fЕлена Пучкова _gхудожник: Виктория Денисова |
|
| 203 |
_aИзображение _aТекст _bвизуальные _cнепосредственные |
||
| 210 |
_aМосква _cГородец, Городец детство _d2025 |
||
| 215 |
_a83, [4] с. _cцв. ил. _d25 |
||
| 333 | _a6+ | ||
| 686 | 0 | _aШ9(2)60=Р7-2 | |
| 686 | 0 | _aШ9(4Фр)60-4 | |
| 686 | 0 | _aШ9(4Г)60-4 | |
| 700 | 1 |
_aПучкова _bЕ. О. _f1959- _gЕлена Олеговна |
|
| 702 | 1 |
_4100 _7ca _8rus _aПерро _bШ. _f1628-1703 _gШарль _9110440 _3RU\NLR\AUTH\77385 |
|
| 702 | 1 |
_4100 _7ca _8rus _aГримм _bВ. К. _f1786-1859 _gВильгельм Карл _9112035 _3RU\NLR\AUTH\772018 |
|
| 702 | 1 |
_4100 _7ca _8rus _aГримм _bЯ. _f1785-1863 _gЯкоб _9112038 _3RU\NLR\AUTH\772021 |
|
| 702 | 1 |
_4440 _7ca _8rus _aДенисова _bВ. А. _cиллюстратор _f1976- _gВиктория Анатольевна _9171624 _3RU\NLR\AUTH\770171674 |
|
| 942 | _cBOOK | ||
| 980 | _aNB | ||